00570 a2200193 4500020001800000040001300018082001300031100002100044245004900065250001600114260003900130300002500169650002100194650003900215650004000254650002200294650002100316650003900337 a0-618-48111-7 aDLCbDLC a808.06661 aKolin, Philip C.10aSuccessful writing at work cPhilip C. Kolin aConsise ed. aBoston :bHoughton Mifflin,cc2006 axvii, 344 s. :bill. 0aEnglish language 0aEnglish languagexBusiness English 0aEnglish languagexTechnical English 0aTechnical writing 0aBusiness writing 0aEnglish languagexBusiness English